実戦・企業買収 : M&Aによる成長戦略のすすめ: Merger & acquisition

Bewaard in:
Bibliografische gegevens
Hoofdauteur: 安部忠(あべ ただし)
Formaat: Boek
Taal:Undetermined
Gepubliceerd in: 東京 日本経済新聞社 1986
Onderwerpen:
Tags: Voeg label toe
Geen labels, Wees de eerste die dit record labelt!
Thư viện lưu trữ: Trung tâm Học liệu Trường Đại học Cần Thơ
LEADER 00576nam a2200205Ia 4500
001 CTU_95395
008 210402s9999 xx 000 0 und d
082 |a 338.8 
082 |b A138 
100 |a 安部忠(あべ ただし) 
245 0 |a 実戦・企業買収 : 
245 0 |b M&Aによる成長戦略のすすめ: Merger & acquisition 
245 0 |c 安部忠 
260 |a 東京 
260 |b 日本経済新聞社 
260 |c 1986 
650 |a Corporations 
650 |z Japan 
904 |i Ngoc 
980 |a Trung tâm Học liệu Trường Đại học Cần Thơ